1957 1988 1271 1194 1056 1653 1824 1533 1252 1608 1938 1173 1308 1252 1916 1871 1740 1164 1625 1422 1299 1395 1153 1422 1861 1724 1199 1506 1612 1291 1601 1400 1019 1350 1923 1326 1848 1345 1650 1406 1796 1309 1026 1502 1573 1166 1956 1515 1130 1620 1638 1276 1667 1486 1388 1827 1022 1178 1951 1687 1475 1699 1419 1405 1079 1604 1971 1203 1501 1955 1582 1073 1918 1653 1933 1393 1192 1838 1305 1161 1268 1101 1645 1878 1994 1035 1613 1179 1360 1399 1171 1700 1884 1975 1782 1573 1900 1290 1979 BCNSPRNW ULIB Ver.6.0+V

เปลี่ยนเป็นภาษาไทย

Change to English
 แสดงรายละเอียดบรรณานุกรม
  กลับหน้าหลัก

Brief Record : Get Marc (ISO 2709) : E-mail record : QR code < ปิดหน้าต่าง
LEADER : 00000nam 2200000uu 4500
001    13399125216
003     ULIB
008    161117s2558||||th 000 0 tha d
020    ^a9786161126285
060  4 ^aWA310^bส426ป
110 1  ^aำนักงานเขตสุขภาพที่ 2
245 00 ^aประชุมวิชาการอนามัยแม่และเด็กระดับเขตสุขภาพที่ 2 ประจำปีงบประมาณ 2558 =^bHappy Baby healthy mom/^cสำนักงานเขตสุขภาพที่ 2
246 0  ^aMaternal and Child Health and Family Planning
250    ^aพิมพ์ครั้งที่ 11
260    ^aกรุงเทพ:^bสำนักงานเขตสุขภาพที่ 2,^c2558
300    ^a42
650  7 ^aประชุม^xอนามัยแม่และเด็ก
650  7 ^aระดับเขต^xประจำปีงบประมาณ 2558
945    ^p0^l0^i001522
945    ^p0^l0^i001523
945    ^p0^l0^i001524
945    ^p0^l0^i001525
945    ^p0^l0^i001526
999    ^aวรรณษา ชูชัยมงคล
รายการนี้ยังไม่มีแท็ก
คุณยังไม่ได้ล็อกอิน คุณสามารถมีกิจกรรมร่วมกับเว็บไซต์ได้ แต่ต้องล็อกอินก่อน ::
  ล็อกอิน

รายการสื่อสารสนเทศ

ลำดับที่ ประเภท เลขเรียก/บาร์โค้ด สถานที่ สถานะ
1. การศึกษาทั่วไป
การศึกษาทั่วไป
สถานะ=หนังสือเก่า
WA310 ส426ป ฉ.1 
  Barcode: 001522
ห้องสมุดวิทยาเขตสวรรค์ประชารักษ์
►ส่วนจัดเก็บหนังสือเก่า สปร
บนชั้น
  ขอยืม
2. การศึกษาทั่วไป
การศึกษาทั่วไป
สถานะ=หนังสือเก่า
WA310 ส426ป ฉ.2 
  Barcode: 001523
ห้องสมุดวิทยาเขตสวรรค์ประชารักษ์
►ส่วนจัดเก็บหนังสือเก่า สปร
บนชั้น
  ขอยืม
3. การศึกษาทั่วไป
การศึกษาทั่วไป
สถานะ=หนังสือเก่า
WA310 ส426ป ฉ.3 
  Barcode: 001524
ห้องสมุดวิทยาเขตสวรรค์ประชารักษ์
►ส่วนจัดเก็บหนังสือเก่า สปร
บนชั้น
  ขอยืม
4. การศึกษาทั่วไป
การศึกษาทั่วไป
สถานะ=หนังสือเก่า
WA310 ส426ป ฉ.4 
  Barcode: 001525
ห้องสมุดวิทยาเขตสวรรค์ประชารักษ์
►ส่วนจัดเก็บหนังสือเก่า สปร
บนชั้น
  ขอยืม
5. การศึกษาทั่วไป
การศึกษาทั่วไป
สถานะ=หนังสือเก่า
WA310 ส426ป ฉ.5 
  Barcode: 001526
ห้องสมุดวิทยาเขตสวรรค์ประชารักษ์
►ส่วนจัดเก็บหนังสือเก่า สปร
บนชั้น
  ขอยืม

BibComment


ยังไม่เคยถูกคอมเมนท์

คอมเมนท์ทรัพยากรรายการนี้
  คอมเมนท์: ประชุมวิชาการอนา..


 Copyright 2026. Bcnsprnw @Library